000 00682nam a2200289Ia 4500
005 20260324115621.0
008 008 260324s9999 xx 000 0 eng d
020 _a9781315295251
037 _aEBOOK
040 _aCRL
040 _beng
040 _cCRL
041 _2eng
041 _aeng
084 _qCRL
100 _aOlivier Mesly
_91103007
245 0 _aProject Feasibility
245 0 _bTools for Uncovering Points of Vulnerability
260 _bTaylor and Francis
260 _c2017
365 _a
365 _b320
856 _uhttp://www.taylorfrancis.com/books/9781315295251
942 _cEBOOK
999 _c1746364
_d1746364